000
00196 a2200097 4500
020
_a
9780439341134
041
_a
eng
100
_a
Herman, Cail
245
_a
Valentine's day dognapping
942
_c
BK
999
_c
31723
_d
31721